00794nam a2200229 i 450000100060000000300090000600500170001500700030003200800410003502000180007608000340009410000220012824501220015026000320027230000220030449000580032660000360038470000380042070000310045883000420048985200330053154052ES-MaACL20250728120315.0t|031124s2002 sp ||||1| spa d a84-8164-494-3 a929 Derrida, Jacques (047.53)1 aDerrida, Jacques.10a¡Palabra! b: instantáneas filosóficas / cJacques Derrida ; traducción de Cristina de Peretti y Paco Vidarte. aMadrid : bTrotta, c[2001] a103 p. ; c23 cm.1 aColección Estructuras y procesos. Serie Filosofía14aDerrida, Jacques-vEntrevistas.1 aPeretti della Rocca, Cristina de.1 aVidarte, Francisco Javier.00aEstructuras y procesos. pFilosofía aES-MaACLjL-26709 bR.131215